书目信息 |
| 题名: |
高等数学综合练习与测试
|
|
| 作者: | 南华大学数学教研室编 | |
| 分册: | ||
| 出版信息: | 北京 北京交通大学出版社 2006.08 |
|
| 页数: | 210页 | |
| 开本: | 26cm | |
| 丛书名: | ||
| 单 册: | ||
| 中图分类: | O13-44 | |
| 科图分类: | ||
| 主题词: | 高等数学-高等学校 | |
| 电子资源: | ||
| ISBN: | 7-81082-852-5 | |
| 000 | 00813nam0 2200217 45 | |
| 001 | 010463855400 | |
| 005 | 20070607094647.90 | |
| 010 | @a7-81082-852-5@dCNY18.00 | |
| 100 | @a20061027d2006 ekmy0 y0120 ea | |
| 102 | @aCN@b110000 | |
| 105 | @ay z 000yy | |
| 200 | 1 | @a高等数学综合练习与测试@f南华大学数学教研室编 |
| 210 | @a北京@c北京交通大学出版社@d2006.08 | |
| 215 | @a210页@d26cm | |
| 330 | @a本《高等数学综合练习与测试》共有十二章,主要内容涵盖有函数、极限与连续、一元函数 的导数和微分、一元函数微分学的应用、一元函数积分学、定积分的应用、常微分方程、 空间解析几何与向量代数、多元函数微分学、多元函数微分学的应用、多元函数积分学等。 | |
| 606 | 1 | @a高等数学-高等学校 |
| 690 | @aO13-44@v4 | |
| 701 | 0 | @a南华大学数学教研室编 |
| 801 | 0 | @aCN@c20070607 |
| 905 | @dO13-44@eN080 | |
| 906 | @dCNY18.00@n3@r1 | |
| 高等数学综合练习与测试/南华大学数学教研室编.-北京:北京交通大学出版社,2006.08 |
| 210页;26cm |
| ISBN 7-81082-852-5:CNY18.00 |
| 本《高等数学综合练习与测试》共有十二章,主要内容涵盖有函数、极限与连续、一元函数 的导数和微分、一元函数微分学的应用、一元函数积分学、定积分的应用、常微分方程、 空间解析几何与向量代数、多元函数微分学、多元函数微分学的应用、多元函数积分学等。 |
| ● |
| 相关链接 |
|
|
|
正题名:高等数学综合练习与测试
索取号:O13-44/N080
 
预约/预借
| 序号 | 登录号 | 条形码 | 馆藏地/架位号 | 状态 | 备注 |
| 1 | 231857 | 202318571 | 自科库401/401自科库 39排5列5层/ [索取号:O13-44/N080] | 在馆 | |
| 2 | 231858 | 202318580 | 自科库401/401自科库 39排5列5层/ [索取号:O13-44/N080] | 在馆 | |
| 3 | 231859 | 202318599 | 自科库401/401自科库 39排5列5层/ [索取号:O13-44/N080] | 在馆 |